[Event "SBDU BEM 2008"]
[Site "Wohndorf Laar"]
[Date "2008.12.12"]
[Round "7.8"]
[White "Halfmann, Peter"]
[Black "Hampel, Ernst"]
[Result "1-0"]
[WhiteElo "1718"]
[BlackElo "1594"]
[PlyCount "115"]
[EventDate "2008.??.??"]
[WhiteTeam "OSC Rheinhausen"]
[BlackTeam "SG Duisburg-Nord"]

1. d4 c5 2. c3 e6 3. Nf3 Nc6 4. Bf4 Nf6 5. e3 Nd5 6. Bg3 d6 7. Be2 Be7 8. O-O
O-O 9. Nbd2 a6 10. Qc2 b5 11. Rad1 cxd4 12. exd4 Bb7 13. a4 Qb6 14. Bd3 h6 15.
axb5 axb5 16. Ne4 Rfd8 17. Ra1 Rxa1 18. Rxa1 f5 19. Ned2 f4 20. Bh4 Nf6 21.
Bxf6 Bxf6 22. Qb3 Kf7 23. Re1 d5 24. Qxb5 Qa7 25. Nb3 Be7 26. Ra1 Qb8 27. Nc5
Bxc5 28. Qxc5 g5 29. h3 Kf6 30. Re1 Rc8 31. Qb6 Qc7 32. Qb3 Na5 33. Qd1 Nc4 34.
Qe2 Re8 35. Ne5 Nxe5 36. dxe5+ Kg7 37. Ra1 Bc6 38. h4 Qe7 39. h5 Rf8 40. Qd1
Qb7 41. Bb1 Qxb2 42. Ra7+ Bb7 43. Qd3 Rf5 44. Bc2 Qb6 45. Qd4 Qxd4 46. Rxb7+
Rf7 47. Rxf7+ Kxf7 48. cxd4 Ke7 49. Kf1 Kd7 50. Ke2 Kc6 51. Ba4+ Kc7 52. Kd3
Kd8 53. Kc3 Kc7 54. Kb4 Kd8 55. Bd1 Kc7 56. Kc5 Kd7 57. Bg4 Ke7 58. Kc6 1-0

[Event "SBDU BEM 2008"]
[Site "Wohndorf Laar"]
[Date "2008.12.12"]
[Round "7.9"]
[White "Fabo, Stefan"]
[Black "Imbierowicz, Dirk"]
[Result "1-0"]
[WhiteElo "1566"]
[BlackElo "1452"]
[PlyCount "73"]
[EventDate "2008.??.??"]
[WhiteTeam "SG Duisburg-Nord"]
[BlackTeam "OSC Rheinhausen"]

1. b3 e6 2. c4 d5 3. cxd5 exd5 4. Bb2 Nf6 5. Nf3 Nc6 6. e3 a6 7. Be2 Be7 8. O-O
O-O 9. d3 Be6 10. a3 Qd6 11. Nbd2 b5 12. Qc2 Na5 13. b4 Nb7 14. Be5 Qd7 15.
Qxc7 Rac8 16. Qxd7 Nxd7 17. Rac1 f6 18. Bc7 Bd8 19. Bxd8 Rfxd8 20. Nd4 Bf7 21.
Nc6 Re8 22. Bg4 Be6 23. Bxe6+ Rxe6 24. Ne7+ Rxe7 25. Rxc8+ Kf7 26. Rfc1 Ne5 27.
R1c7 Nd6 28. Rxe7+ Kxe7 29. Rc7+ Kf8 30. Rc5 Ke7 31. Rxd5 Ke6 32. e4 g6 33. Nb3
Nc6 34. Nc5+ Ke7 35. Nxa6 f5 36. e5 Nb7 37. Rxb5 1-0

[Event "SBDU BEM 2008"]
[Site "Wohndorf Laar"]
[Date "2008.12.12"]
[Round "7.10"]
[White "Kohlhause, Dirk"]
[Black "Scharrenbroich, Torsten"]
[Result "1/2-1/2"]
[WhiteElo "1363"]
[BlackElo "1431"]
[PlyCount "101"]
[EventDate "2008.??.??"]
[WhiteTeam "SG Meiderich/Ruhrort"]
[BlackTeam "SG Meiderich/Ruhrort"]

1. c4 e5 2. Nc3 Nf6 3. Nf3 d6 4. e4 c5 5. d3 Be7 6. g3 O-O 7. Bg2 a6 8. O-O
Nbd7 9. Rb1 Rb8 10. b4 b6 11. bxc5 Nxc5 12. d4 Ncxe4 13. Nxe4 Nxe4 14. Qc2 Nf6
15. dxe5 dxe5 16. Nxe5 Bb7 17. Be3 Bxg2 18. Kxg2 Qd6 19. Bf4 Rb7 20. Rfd1 Qc5
21. Nf3 Qc6 22. Qb3 Bc5 23. a4 a5 24. Kg1 Ng4 25. Nd4 Qf6 26. Qf3 Rd7 27. Qxg4
Rxd4 28. Rxd4 Qxd4 29. Qe2 Qd7 30. Qc2 Qg4 31. Bc7 Qe6 32. Qb3 Qf6 33. Qb2 Bd4
34. Qd2 Bc3 35. Qd6 Qxd6 36. Bxd6 Bd4 37. Bxf8 Kxf8 38. Rd1 Bc5 39. Kf1 Ke7 40.
f4 f5 41. Rd5 g6 42. Ke2 h5 43. Kf3 Kf6 44. h3 Ke6 45. g4 h4 46. g5 Kf7 47.
Rd7+ Kg8 48. Rc7 Kh8 49. Rc6 Kg7 50. Rf6 Kh7 51. Rf7+ 1/2-1/2

[Event "SBDU BEM 2008"]
[Site "Wohndorf Laar"]
[Date "2008.12.12"]
[Round "7.11"]
[White "Hufnagel, Markus"]
[Black "Duda, Karl-Heinz"]
[Result "0-1"]
[WhiteElo "1298"]
[BlackElo "1677"]
[PlyCount "144"]
[EventDate "2008.??.??"]
[WhiteTeam "SF Brett vor´m Kopp DU"]
[BlackTeam "SG Meiderich/Ruhrort"]

1. d4 d5 2. c4 e6 3. Nc3 Nf6 4. Nf3 c5 5. e3 cxd4 6. exd4 dxc4 7. Bxc4 Be7 8.
O-O O-O 9. Bf4 Nc6 10. Bb3 Qb6 11. Be3 Qb4 12. a3 Qa5 13. Bc2 Qh5 14. Nd2 Rd8
15. Qxh5 Nxh5 16. Nf3 Nf6 17. Rad1 Bd6 18. Bg5 Be7 19. Be3 Bd7 20. Bd3 Rac8 21.
Ne2 h6 22. h3 Bd6 23. Ng3 Ne7 24. Rc1 Nfd5 25. Ne4 Bb8 26. Bd2 Bc6 27. Rfe1 a6
28. b3 Ba7 29. a4 Nf5 30. Be3 Nb4 31. Bb1 Bxd4 32. Bxd4 Nxd4 33. Nxd4 Rxd4 34.
Ng3 Rcd8 35. Ne2 Rd2 36. Rc4 Nd3 37. Bxd3 R8xd3 38. Nf4 Rxb3 39. Nh5 Rbb2 40.
Rf4 Ra2 41. Rg4 g6 42. Nf6+ Kf8 43. f3 Rxa4 44. Rxa4 Bxa4 45. Ne4 Rd4 46. Kf2
Bc6 47. Ke3 Rb4 48. Ra1 Bxe4 49. fxe4 e5 50. Ra5 Rb5 51. Ra4 Ke7 52. Kf3 h5 53.
Rc4 Kd7 54. Kg3 g5 55. h4 g4 56. Kf2 a5 57. Ke2 b6 58. g3 Rb4 59. Rc2 Rxe4+ 60.
Kf2 Rd4 61. Ke3 f5 62. Rb2 Kc6 63. Rc2+ Kd6 64. Rb2 Kc5 65. Rf2 f4+ 66. gxf4
exf4+ 67. Rxf4 Rxf4 68. Kxf4 a4 69. Kg5 g3 70. Kxh5 g2 71. Kh6 g1=Q 72. h5 Qg4
0-1

[Event "SBDU BEM 2008"]
[Site "Wohndorf Laar"]
[Date "2008.12.12"]
[Round "7.12"]
[White "Straub, Peter"]
[Black "Bajonczak, Helmut"]
[Result "0-1"]
[WhiteElo "1035"]
[BlackElo "1269"]
[PlyCount "104"]
[EventDate "2008.??.??"]
[WhiteTeam "SG Meiderich/Ruhrort"]
[BlackTeam "OSC Rheinhausen"]

1. d4 d5 2. e3 Nf6 3. Nc3 c6 4. Bd3 g6 5. h3 Bg7 6. Nf3 O-O 7. O-O Qc7 8. Kh1
Nbd7 9. Rg1 e5 10. Nh2 e4 11. Be2 Re8 12. f3 Nh5 13. g4 Nhf6 14. f4 Nf8 15. Rg3
Qd6 16. Qg1 Bd7 17. Bd2 h6 18. Rf1 N6h7 19. g5 h5 20. Rf2 h4 21. Rgg2 Bxh3 22.
Rg4 Bxg4 23. Bxg4 f6 24. f5 Qg3 25. Qxg3 hxg3 26. Rg2 Nxg5 27. Rxg3 Kf7 28. Ne2
Nd7 29. Nf4 Rh8 30. Nxg6 Rh6 31. Kg2 Nf8 32. b3 Nxg6 33. fxg6+ Kxg6 34. Bb4
Rah8 35. Nf1 Bf8 36. Bxf8 Rxf8 37. Be6 f5 38. c4 Rd8 39. Kf2 Kf6 40. Bxf5 Kxf5
41. Ke1 Rh1 42. Rg2 Rf8 43. Rf2+ Nf3+ 44. Ke2 Ke6 45. a4 Rf6 46. a5 a6 47. c5
Nxd4+ 48. Ke1 Rxf2 49. Kxf2 Nxb3 50. Ng3 Rh8 51. Ne2 Ke5 52. Ng3 Rf8+ {und ca.
im 60. Zug:} 0-1